000 02893cam a22005174i 4500
003 PE-LiUPU
005 20250731173324.0
008 150625s r 000 0 d
020 _a9788481696870
035 _a(Sirsi) i9788481696870
040 _aPE-LiUPU
_bspa
_cPE-LiUPU
_erda
049 _aPRUA
082 0 4 _a227
_bS51
_221
100 1 _aSicre Díaz, José Luis,
_eautor.
245 1 0 _aHasta los confines de la tierra :
_bII el macedonio /
_cJosé Luis Sicre Díaz.
264 1 _aNavarra :
_bVerbo Divino,
_c2007.
300 _a486 páginas ;
_c21 centímetros
336 _atext
_2rdacontent
337 _aunmediated
_2rdamedia
338 _avolume
_2rdacarrier
504 _aIncluye bibliografía.
505 0 _aPreparativos y complicaciones. -La misión. -Chipre: el mago y el procónsul. -El suspiro de Lucila y la broma de Néstor. -Antioquía. -Respuestas, sinagogas y argumentos de Escritura. -Comienzan las persecusiones. -Listra. -Talía y su fábula frigia. -La asamblea de Jerusalén contada por Lucas. -La reunión de Jerusalén contada por Pablo. -Descubriendo a Pablo y Tamar. -Pablo, Pedro y Leví. -La fábula de las tres islas. -Las cuatro prohibiciones. -Lo que dan de sí los idolotitos. -El peligro de la idolatría. -Recomendaciones finales y dos tipos de fe. -El macedonio. -Filipos. -Tesalónica y Berea. -De ídolos, dioses y malas costumbres. -Atenas. -Corinto. -Con temor y temblor. -Alegría en las tribulaciones. -Reflexiones personales y consejos de Pablo. -La suerte de los difuntos. -Más consejos y despedida. -Insomnio y duda. -De Corinto a Antioquía.
526 _aSEG42
526 _aSEG41
526 _aSEG40
526 _aSEG39
526 _aP94
526 _aP87
526 _aP86
526 _aP85
526 _aP77
526 _aP76
526 _aP35
541 _g006-0034605;
541 _g006-35829;
600 1 _aPablo de Tarso.
_d2 a. C. - c. 66 d. C.
_xViajes
630 _aBiblia.
_pN.T.
_pEpístolas paulinas
_vEnsayos.
910 _bjv
_clch
_d20080116
942 _2ddc
_cBOOK
949 _a227 S51 2
_wDEWEY
_c1
_i59035
_lCCODEBUL1
_mBUL
_p25.00
_r0
_sY
_tBOOK
_u2015-6-25
_xTEOLOGIA
_zUNKNOWN
_0COMPRA
_o.STAFF. Colección General
949 _a227 S51 2
_wDEWEY
_c2
_i57811
_lCCODEBUL1
_mBUL
_p18.00
_r0
_sY
_tBOOK
_u2015-6-25
_xTEOLOGIA
_zUNKNOWN
_0COMPRA
_o.STAFF. Colección General
994 _aC0
_bPEPRU
596 _a1
999 _a227 S51 2
_wDEWEY
_c46808
_i59035
_f2021-11-30
_g5
_lCCODEBUL1
_mBUL
_p25.00
_r0
_sY
_tBOOK
_u2015-6-25
_xTEOLOGIA
_zUNKNOWN
_0COMPRA
_o.STAFF. Colección General
_d46808
999 _a227 S51 2
_wDEWEY
_c2
_i57811
_f2021-11-9
_g5
_lCCODEBUL1
_mBUL
_p18.00
_r0
_sY
_tBOOK
_u2015-6-25
_xTEOLOGIA
_zUNKNOWN
_0COMPRA
_o.STAFF. Colección General
980 _81
_gALBERTO SANCHEZ Responsable de Automatización